| 000 | 00758nac a22002657a 4500 | ||
|---|---|---|---|
| 001 | BR6004068 | ||
| 003 | BR-BrBNA | ||
| 005 | 20240529130611.0 | ||
| 008 | 230509b bl.|||m| |||| 00| 0 por d | ||
| 040 |
_aBR-BrBNA _bpor |
||
| 072 | _aC00 | ||
| 090 |
_aC00 _bBR6004068 |
||
| 110 | 1 |
_aUniversidade Federal de Santa Maria, RS (Brasil) _99701 |
|
| 245 | 1 | _aRelatório 1971 / | |
| 260 | 3 |
_aSanta Maria, RS (Brasil): _c1971. |
|
| 300 | _a255 p. | ||
| 490 | _aRelatorio - Universidade Federal de Santa Maria (Brazil) | ||
| 650 | _aENSINO SUPERIOR | ||
| 650 | _aCURSO | ||
| 650 | _aUNIVERSIDADE FEDERAL | ||
| 650 | _aSANTA MARIA | ||
| 650 | _aRIO GRANDE DO SUL | ||
| 909 |
_a05/2024 _bSARAH |
||
| 942 | _cMS | ||
| 999 |
_c261823 _d261823 |
||